| 000 | 00499ntaaa2200193 4500 | ||
|---|---|---|---|
| 003 | 01 | ||
| 005 | 20251027202942.0 | ||
| 008 | 0714s1973 ag 01 | ||
| 040 |
_aAR-BaBN _bspa _cAR-BaBN _eaacr _dRIC |
||
| 082 | _a937.0000 R73h | ||
| 100 | _aRostovtzeff, Miguel | ||
| 245 | _aHistoria social y económica del imperio romano | ||
| 250 | _a3 ed. | ||
| 260 |
_aMadrid : _bEspasa-Calpe, _c1972 |
||
| 300 | _a2 tomos | ||
| 650 |
_aimperio Romano _912456 |
||
| 650 |
_aRoma-historia _98758 |
||
| 942 | _cBK | ||
| 999 |
_c24850 _d24850 |
||